000 00311nam a22001217a 4500
020 _aNA
082 _222
_a629.8
100 _aSinha Narssh k.
245 _aSolution manual for control system /
260 _aCBS willy publication,
_bCBS willy publication,
_cc1983
300 _a206 p,;
_bNA
_c22cm
942 _2ddc
_cEE
999 _c2456
_d2456